000
00293nam a2200133Ia 4500
100
_a
Ajwani/ B.T.
942
_c
BK
654
_a
Engineering
245
_a
Elements of engineering
260
_b
oxford & IBH Publishing
_a
New Delhi
_c
1978
082
_a
620
300
_a
359
546
_a
ENGLISH
999
_c
18021
_d
18021